El ojo desarmado (Record no. 4613)

MARC details
000 -LEADER
campo de control de longitud fija 00506nam a2200169 4500
005 - FECHA Y HORA DE LA ÚLTIMA TRANSACCIÓN
campo de control 20260327173312.0
008 - DATOS DE LONGITUD FIJA--INFORMACIÓN GENERAL
campo de control de longitud fija -
020 ## - NÚMERO INTERNACIONAL ESTÁNDAR DEL LIBRO
Número Internacional Estándar del Libro 9789968090094
040 ## - FUENTE DE CATALOGACIÓN
Centro catalogador/agencia de origen Biblioteca LadoV Teorética
Centro/agencia transcriptor Biblioteca LadoV Teorética
Normas de descripción rda
082 04 - NÚMERO DE LA CLASIFICACIÓN DECIMAL DEWEY
Número de clasificación 709.7286
Número de ítem U15o
100 1# - ENTRADA PRINCIPAL--NOMBRE DE PERSONA
Nombre de persona Ubieto, Nerea
245 13 - MENCIÓN DEL TÍTULO
Título El ojo desarmado
Mención de responsabilidad, etc. por Nerea Ubieto
260 #1 - PUBLICACIÓN, DISTRIBUCIÓN, ETC.
Lugar de publicación, distribución, etc. Costa Rica
Nombre del editor, distribuidor, etc. Museo de Arte y Diseño Contemporáneo
Fecha de publicación, distribución, etc. 2024
300 ## - DESCRIPCIÓN FÍSICA
Extensión 51 páginas
Otras características físicas Fotografías a color
Dimensiones 24 cm
650 #0 - PUNTO DE ACCESO ADICIONAL DE MATERIA--TÉRMINO DE MATERIA
Término de materia o nombre geográfico como elemento de entrada Arte-Exposiciones
942 ## - ELEMENTOS DE ENTRADA SECUNDARIOS (KOHA)
Fuente del sistema de clasificación o colocación Clasificación Decimal Dewey
Tipo de ítem Koha Libros
Suprimir en OPAC No
Holdings
Estatus retirado Estado de pérdida Fuente del sistema de clasificación o colocación Estado de daño No para préstamo Biblioteca de origen Biblioteca actual Fecha de adquisición Total de préstamos Signatura topográfica completa Visto por última vez Precio de reemplazo Tipo de ítem Koha
    Clasificación Decimal Dewey     Biblioteca LadoV Biblioteca LadoV 27/03/2026   709.7286 U15o 27/03/2026 27/03/2026 Libros